| 000 | 00896cab a2200205 4500 | ||
|---|---|---|---|
| 001 | ##L132749 | ||
| 008 | 060306n2006 000 0 eng u | ||
| 035 | _a(Sirsi) u132749 | ||
| 041 | 0 | _aeng | |
| 100 | 1 | _aCunningham, Daniel | |
| 245 | 0 | 0 |
_aFocus 2 _bScotland |
| 260 | _c2006 | ||
| 490 | 0 |
_aEstates Gazette _v(0608) 25 February 2006, 109-129(8) |
|
| 520 | _aCovers the fresh development cycle in Greater Glasgow's office market. Reports on the hoped-for boost by law firms to the office market in Edinburgh where there is also a dearth of quality shops and industrial units of the right size. Discusses Aberdeen's commercial property market which is experiencing a mini-boom on the strength of its oil and gas sectors. | ||
| 590 | _aIKA140306 | ||
| 690 | _aPROPERTY-COMMERCIAL PROPERTY-COMMERCIAL PROPERTY MARKET | ||
| 700 | 1 | _aBaker, Colin | |
| 700 | 1 | _aMorrison, Adrian | |
| 942 | _n0 | ||
| 999 |
_c76600 _d76600 |
||